Every Heisman Trophy Finalist Ever - Statistics

General Stats
  • This quiz has been taken 150 times
    69 since last reset
  • The average score is 83 of 270
Answer Stats
Year Player Position School % Correct
2022 Caleb Williams QB USC
95%
2016 Lamar Jackson QB Louisville
95%
Ashton Jeanty RB Boise St
92%
Bo Nix QB Oregon
92%
2020 DeVonta Smith WR Alabama
92%
2019 Joe Burrow QB LSU
92%
2024 Travis Hunter WR/CB Colorado
92%
2023 Jayden Daniels QB LSU
89%
2014 Marcus Mariota QB Oregon
89%
Tua Tagovailoa QB Alabama
89%
Baker Mayfield QB Oklahoma
87%
1985 Bo Jackson RB Auburn
87%
1941 Bruce Smith RB Minnesota
87%
2021 Bryce Young QB Alabama
87%
Deshaun Watson QB Clemson
87%
DillonGabriel QB Oregon
87%
Justin Fields QB Ohio State
87%
2018 Kyler Murray QB Oklahoma
87%
Mac Jones QB Alabama
87%
1998 Ricky Williams RB Texas
87%
2006 Troy Smith QB Ohio State
87%
Vince Young QB Texas
87%
Christian McCaffrey RB Stanford
84%
Jalen Hurts QB Oklahoma
84%
Michael Penix Jr. QB Washington
84%
Trevor Lawrence QB Clemson
84%
Aidan Hutchinson DE Michigan
82%
C.J. Stroud QB Ohio State
82%
2015 Derrick Henry RB Alabama
82%
2013 Jameis Winston QB Florida State
79%
Kenny Pickett QB Pittsburgh
79%
Andrew Luck QB Stanford
76%
Eli Manning QB Ole Miss
76%
2012 Johnny Manziel QB Texas A&M
76%
Max Duggan QB TCU
76%
2011 Robert Griffin III QB Baylor
76%
2007 Tim Tebow QB Florida
76%
2005 Reggie Bush RB USC
74%
Steve Young QB BYU
74%
2010 Cam Newton QB Auburn
71%
2009 Mark Ingram RB Alabama
71%
2004 Matt Leinart QB USC
71%
Peyton Manning QB Tennessee
71%
2008 Sam Bradford QB Oklahoma
71%
Archie Manning QB Ole Miss
68%
Dwayne Haskins QB Ohio State
68%
1974 | 1975 Archie Griffin RB Ohio State
66%
Colt McCoy QB Texas
66%
Manti Te'o LB Notre Dame
66%
Amari Cooper WR Alabama
63%
Bryce Love RB Stanford
58%
Melvin Gordon RB Wisconsin
58%
2002 Carson Palmer QB USC
53%
2003 Jason White QB Oklahoma
53%
Jason White QB Oklahoma
53%
1987 Tim Brown WR Notre Dame
53%
Tom Brown OL Minnesota
53%
Adrian Peterson RB Oklahoma
50%
A.J. McCarron QB Alabama
50%
1988 Barry Sanders RB Oklahoma State
50%
Brady Quinn QB Notre Dame
50%
David Palmer WR Alabama
50%
Drew Brees QB Purdue
50%
Paul Palmer RB Temple
50%
Byron White RB Colorado
47%
1979 Charles White RB USC
47%
1997 Charles Woodson CB Michigan
47%
Darren McFadden RB Arkansas
47%
1991 Desmond Howard WR Michigan
47%
Herschel Walker RB Georgia
47%
Larry Fitzgerald WR Pittsburgh
47%
Michael Vick QB Virginia Tech
47%
1995 Eddie George RB Ohio State
45%
Troy Aikman QB UCLA
42%
Colt Brennan QB Hawaii
39%
Doak Walker RB SMU
39%
O.J. Simpson RB USC
39%
Rodney Peete QB USC
39%
Trent Richardson RB Alabama
39%
1993 Charlie Ward QB Florida State
37%
Jordan Lynch QB Northern Illinois
37%
LaMichael James RB Oregon
37%
1981 Marcus Allen RB USC
37%
1986 Vinny Testaverde QB Miami (Fla.)
37%
1999 Ron Dayne RB Wisconsin
34%
Steve McNair QB Alcorn State
34%
1978 Billy Sims RB Oklahoma
32%
2000 Chris Weinke QB Florida State
32%
2001 Eric Crouch QB Nebraska
32%
Larry Johnson RB Penn State
32%
1994 Rashaan Salaam RB Colorado
32%
Doug Flutie QB Boston College
29%
1984 Doug Flutie QB Boston College
29%
1977 Earl Campbell RB Texas
29%
1980 George Rogers RB South Carolina
29%
1972 Johnny Rodgers WR Nebraska
29%
Ryan Leaf QB Washington State
29%
Collin Klein QB Kansas State
26%
John Elway QB Stanford
26%
1963 Roger Staubach QB Navy
26%
1989 Andre Ware QB Houston
24%
Eric Dickerson RB SMU
24%
Hugh Green DL Pittsburgh
24%
1970 Jim Plunkett QB Stanford
24%
Major Harris QB West Virginia
24%
Marc Wilson QB BYU
24%
1966 Steve Spurrier QB Florida
24%
Toby Gerhart RB Stanford
24%
1990 Ty Detmer QB BYU
24%
Danny Wuerffel QB Florida
21%
Joe Theismann QB Notre Dame
21%
Marshall Faulk RB San Diego State
21%
1971 Pat Sullivan QB Auburn
21%
1956 Paul Hornung QB Notre Dame
21%
1976 Tony Dorsett RB Pittsburgh
21%
Anthony Davis RB USC
18%
Anthony Thompson RB Indiana
18%
1961 Ernie Davis RB Syracuse
18%
Glenn Davis RB Army
18%
Glenn Davis RB Army
18%
Jim Harbaugh QB Michigan
18%
Ki-Jana Carter RB Penn State
18%
Ricky Bell RB USC
18%
Ricky Bell RB USC
18%
Troy Davis RB Iowa State
18%
Billy Cannon RB LSU
16%
1959 Billy Cannon RB LSU
16%
Chuck Long QB Iowa
16%
Jake Plummer QB Arizona State
16%
1935 Jay Berwanger RB Chicago
16%
Jim McMahon QB BYU
16%
Ken Dorsey QB Miami (Fla.)
16%
1936 Larry Kelley TE Yale
16%
1983 Mike Rozier RB Nebraska
16%
Tommie Frazier QB Nebraska
16%
1938 Davey O'Brien QB TCU
13%
1973 John Cappelletti RB Penn State
13%
Josh Heupel QB Oklahoma
13%
1965 Mike Garrett RB USC
13%
1939 Nile Kinnick RB Iowa
13%
1969 Steve Owens RB Oklahoma
13%
1962 Terry Baker QB Oregon State
13%
Terry Miller RB Oklahoma State
13%
Bob Griese QB Purdue
11%
Dick Butkus LB Illinois
11%
Doc Blanchard FB Army
11%
1992 Gino Torretta QB Miami (Fla.)
11%
1960 Joe Bellino RB Navy
11%
1949 Leon Hart TE Notre Dame
11%
Sherman Lewis RB Michigan State
11%
Tom Harmon RB Michigan
11%
1954 Alan Ameche FB Wisconsin
8%
Chuck Bednarik OL/LB Pennsylvania
8%
1937 Clinton Frank HB Yale
8%
1951 Dick Kazmaier RB Princeton
8%
Ed Marinaro RB Cornell
8%
1967 Gary Beban QB UCLA
8%
George Franck RB Minnesota
8%
Heath Shuler QB Tennessee
8%
Joe Hamilton QB Georgia Tech
8%
1957 John David Crow RB Texas A&M
8%
1947 John Lujack QB Notre Dame
8%
Johnny Lujack QB Notre Dame
8%
Michael Bishop QB Kansas State
8%
Raghib Ismail WR Notre Dame
8%
Rex Grossman QB Florida
8%
Robbie Bosco QB BYU
8%
Sid Luckman QB Columbia
8%
Angelo Bertelli QB Notre Dame
5%
1943 Angelo Bertelli QB Notre Dame
5%
1952 Billy Vessels RB Oklahoma
5%
Brad Banks QB Iowa
5%
Cade McNown QB UCLA
5%
Casey Weldon QB Florida State
5%
Chuck Fusina QB Penn State
5%
Chuck Muncie RB California
5%
Don Meredith QB SMU
5%
1942 Frank Sinkwich RB Georgia
5%
Garrison Hearst RB Georgia
5%
Howard Cassady RB Ohio State
5%
Jake Gibbs QB Ole Miss
5%
1964 John Huarte QB Notre Dame
5%
1953 John Lattner RB Notre Dame
5%
Johnny Majors RB Tennessee
5%
Keith Byars RB Ohio State
5%
Ken MacAfee TE Notre Dame
5%
1944 Les Horvath HB Ohio State
5%
Nick Eddy RB Notre Dame
5%
1958 Pete Dawkins RB Army
5%
Rex Kern QB Ohio State
5%
Rich Leach QB Michigan
5%
Terry Hanratty QB Notre Dame
5%
1950 Vic Janowicz RB Ohio State
5%
Bob Ferguson RB Ohio State
3%
Bob Odell RB Pennsylvania
3%
Charley Trippi RB Georgia
3%
Charlie Justice RB North Carolina
3%
Don McPherson QB Syracuse
3%
Eric Bieniemy RB Colorado
3%
Frankie Albert QB Stanford
3%
George Welsh QB Navy
3%
Gordie Lockbaum RB Holy Cross
3%
Greg Pruitt RB Oklahoma
3%
Greg Pruitt RB Oklahoma
3%
Howard Twilley WR Tulsa
3%
Joe Washington RB Oklahoma
3%
John Hicks OL Ohio State
3%
Mike Phipps QB Purdue
3%
Otto Graham QB Northwestern
3%
Paul Cameron RB UCLA
3%
Richie Lucas QB Penn State
3%
Alex Karras DL Iowa
0%
Babe Parilli QB Kentucky
0%
Bill Shakespeare RB Notre Dame
0%
Billy Lothridge QB Georgia Tech
0%
Bob Chappuis RB Michigan
0%
Bob Dell DL Minnesota
0%
Clint Castleberry RB Georgia Tech
0%
Hank Lauricella RB Tennessee
0%
Jack Scarbath QB Maryland
0%
Jerry Rhome QB Tulsa
0%
Jerry Stovall RB LSU
0%
Jim Grabowski RB Illinois
0%
Jim Swink RB TCU
0%
Jimmy Saxton RB Texas
0%
John Kimbrough RB Texas A&M
0%
Kurt Burris OL Oklahoma
0%
Kyle Rote RB SMU
0%
Leroy Keyes RB Purdue
0%
Marshall Goldberg RB Pittsburgh
0%
Marshall Goldberg RB Pittsburgh
0%
Monk Meyer RB Army
0%
Paul Christman QB Missouri
0%
Paul Giel RB Minnesota
0%
Paul Governali QB Columbia
0%
Randy Duncan QB Iowa
0%
Ray Buivid RB Marquette
0%
Reds Bagnell RB Pennsylvania
0%
Rich Glover DL Nebraska
0%
Rob Fenimore RB Oklahoma State
0%
Rob Lytle RB Michigan
0%
Roosevelt Leaks RB Texas
0%
Sam Francis RB Nebraska
0%
Tommy McDonald RB Oklahoma
0%
Walt Kowalczyk RB Michigan State
0%
No matching quizzes found
Score Distribution
Percent of People with Each Score
Percentile by Number Answered
Your Score History
You have not taken this quiz since the last reset